000 00381nam a2200145Ia 4500
008 240624s9999 xx 000 0 und d
041 _aeng
082 _a150 BAR
100 _aBARLOW DAVID H
245 _aABNORMAL PSYCHOLOGY AN INTEGRATIVE APPRO
250 _a(2nd ed.)
260 _c2007
_aNew Delhi
_bThomson Learning
300 _axxiv, : 562 : p. : cm. ; 28
365 _cRS
_b25
999 _c4439
_d4439